Berliner Mauer

Titel: Berliner Mauer / [Text: Martin Jander]
Beteiligt:
Ausgabe: 1. Auflage
Veröffentlicht: Berlin : Stadtwandel-Verlag, 2006
Umfang: 30 Seiten : Illustrationen, Karten ; 16 cm
Format: Buch
Sprache: Deutsch
Schriftenreihe/
mehrbändiges Werk:
Die neuen Architekturführer ; Nr. 89
RVK-Notation:
Schlagworte:
Andere Ausgaben: Parallele Sprachausgabe englisch: ˜Theœ Berlin wall
ISBN: 3937123776
Buchumschlag
X
Lokale Klassifikation: 13 8 B 1 ; 3 15 D ; 30 7 Nk ; 30 7 R
alg: 18047224
001A    $06000:17-08-06 
001B    $01999:13-03-25 $t14:19:00.000 
001D    $06000:17-08-06 
001U    $0utf8 
001X    $00 
002@    $0Aaxaf 
002C    $aText $btxt $2rdacontent 
002C    $aunbewegtes Bild $bsti $2rdacontent 
002D    $aohne Hilfsmittel zu benutzen $bn $2rdamedia 
002E    $aBand $bnc $2rdacarrier 
003@    $0180472240 
003O    $0156945455 $aOCoLC 
004A    $03-937123-77-6 $fgeh. : EUR 3.00 
004K    $09783937123776 
006G    $0979907160 
006T    $006,N26,1387 
006U    $006,A35,1335 $f20060524 
007A    $0979907160 $aDNB 
007T    $0Herdhh180472240 
010@    $ager 
011@    $a2006 $n2006 
013D    $RFührer $#Kunst Führer $#Kunstreiseführer $74166029-8 $8Kunstführer [Ts1] $9085745626 
017A    $asf 
021A    $aBerliner Mauer $h[Text: Martin Jander] 
028C    $#Jander, Martin M. $7124527620 $8Jander, Martin$Z1955- [Tp3] $9155191381 
032@    $a1. Auflage 
033A    $pBerlin $nStadtwandel-Verlag 
034D    $a30 Seiten 
034I    $a16 cm 
034M    $aIllustrationen, Karten 
036E    $aDie @neuen Architekturführer $lNr. 89 
036F    $x289 $8Die @neuen Architekturführer $9186301782 $lNr. 89 
039M    $aParallele Sprachausgabe $tThe @Berlin wall $nenglisch 
044K    $qDNB $RDeutsch-deutsche Grenze $RBerlin $#Berliner Mauer Berlin $74094837-7 $8Berliner Mauer [Tg1] $908526671X 
045E    $c720 
045F    $a069.0943 $eDDC23BSB 
045F/01 $a069 
045F/03 $g43 
045G    $a900.94310904 $eDDC23BSB 
045G/01 $a900 
045G/03 $f0904 
045G/03 $g431 
045H    $a909 $eDDC23BSB 
045H/01 $a909 
045H/03 $g431 
045I    $a796.09437 $eDDC23BSB 
045I/01 $a796.09 
045I/03 $g437 
045Z    $8LK 16673 [Tkv] $9409944165 
045Z    $8ZH 3250 [Tkv] $9415087295 

lok: 18047224 24
101B    $013-12-11 $t11:04:43.000 
101C    $013-12-11 
101U    $0utf8 
145Z/01 $a13 8 B 1 
145Z/02 $a3 15 D 
145Z/03 $a30 7 Nk 
145Z/04 $a30 7 R 

exp: 18047224 24 1 #EPN
201B/01 $013-12-11 $t11:04:43.000 
201C/01 $003-11-11 
201U/01 $0utf8 
203@/01 $0632705515 
208@/01 $a13-12-11 $bz 
209A/01 $aS 25494 $du $f050 $hS 25494 $x00 
209C/01 $a11.08445 G $h11 08445 G 
209G/01 $a70983095 $x00 
220C/01 $ahae 
247C/01 $8358050-7 Marburg, Bibliothek des Herder-Instituts Marburg $9102600961 

lok: 18047224 78

exp: 18047224 78 1 #EPN
201B/01 $019-04-17 $t20:21:34.000 
201U/01 $0utf8 
203@/01 $0793829305 
208@/01 $a12-11-16 $be 
209A/01 $a/ $f000 $x00 
237A/01 $aweiterführende Signatur(en): Herder-Institut: S 25494 
244Z/01 $2Trx $#Kesk- ja Ida- Euroopa kontseptsioonid $#Vidurio Europos koncepcijos $#East-Central Europe $#Keletközépeurópa-eszmék $#Europa Środkowo-Wschodnia koncepcje $#Európa stredovýchodná koncepcie $#Evropa střední, východní část koncepce $#Mitteleuropa $#Osteuropakonzeptionen $#Europa Środkowa koncepcje $#Stredná Európa koncepcie $#Střední Europa koncepce $8--Trx--Ostmitteleuropakonzeptionen $x01 $9391364286 
244Z/01 $2Trx $#Germania Slavica $#"Germania Slavica" $#Germania Slavica $#Germania Slavica $#Germania Slavica $#Germania Slavica $#Germania Slavica $8--Trx--Germania Slavica $x02 $9391371002 
244Z/01 $2Trx $#dzieło zbiorowe $8--Trx--Sammelwerk $x03 $9391384597 
245Z/01 $a11.03 $x01 
247C/01 $82080>Marburg/Lahn, Herder-Institut, Forschungsbibliothek, Bibliographieportal $9336309341
LEADER 00000cam a22000002c 4500
001 180472240
003 DE-603
005 20250313141900.0
007 tu
008 060817s2006 xx |||| | u00||u|ger
015 |a 06,A35,1335  |z 06,N26,1387  |2 dnb 
016 7 |2 DE-101  |a 979907160 
020 |a 3937123776  |c geh. : EUR 3.00 
024 3 |a 9783937123776 
035 |a (DE-599)DNB979907160 
035 |a (OCoLC)156945455 
040 |a DE-603  |b ger  |c DE-603  |d DE-603 
041 |a ger 
082 0 4 |8 1\u  |a 069.0943  |q DE-101  |2 23/BSB 
083 0 |8 2\u  |a 900.94310904  |q DE-101  |2 23/BSB 
083 0 |8 3\u  |a 909  |q DE-101  |2 23/BSB 
083 0 |8 4\u  |a 796.09437  |q DE-101  |2 23/BSB 
084 |a 720  |q DE-101  |2 sdnb 
084 |a LK 16673  |0 (DE-625)97619:13303  |0 (DE-603)409944165  |2 rvk 
084 |a ZH 3250  |0 (DE-625)156115:  |0 (DE-603)415087295  |2 rvk 
085 |8 1\u  |b 069 
085 |8 1\u  |z 2  |s 43 
085 |8 2\u  |b 900 
085 |8 2\u  |z 1  |s 0904 
085 |8 2\u  |z 2  |s 431 
085 |8 3\u  |b 909 
085 |8 3\u  |z 2  |s 431 
085 |8 4\u  |b 796.09 
085 |8 4\u  |z 2  |s 437 
090 |a b 
245 0 0 |a Berliner Mauer  |c [Text: Martin Jander] 
250 |a 1. Auflage 
264 1 |a Berlin  |b Stadtwandel-Verlag  |c 2006 
300 |a 30 Seiten  |b Illustrationen, Karten  |c 16 cm 
336 |a Text  |b txt  |2 rdacontent 
336 |a unbewegtes Bild  |b sti  |2 rdacontent 
337 |a ohne Hilfsmittel zu benutzen  |b n  |2 rdamedia 
338 |a Band  |b nc  |2 rdacarrier 
490 1 |a ˜Dieœ neuen Architekturführer  |v Nr. 89 
651 7 |a Berliner Mauer  |0 (DE-588)4094837-7  |0 (DE-603)08526671X  |2 gnd 
655 7 |a Kunstführer  |2 gnd-content  |0 (DE-588)4166029-8  |0 (DE-603)085745626 
700 1 |a Jander, Martin  |d 1955-  |0 (DE-603)155191381  |0 (DE-588)124527620  |2 gnd 
775 0 8 |i Parallele Sprachausgabe  |n englisch  |t ˜Theœ Berlin wall 
830 0 |t ˜Dieœ neuen Architekturführer  |v Nr. 89  |w (DE-603)186301782  |w (DE-600)2155588-6  |9 289  |7 as 
924 0 |9 Mb 50  |a (DE-603)632705515  |b DE-Mb50  |c HES  |d c  |g S 25494 
924 0 |9 2080  |a (DE-603)793829305  |b DE-2080  |c HES  |d d  |g /